| 000 | 00757cab a2200241 4500 | ||
|---|---|---|---|
| 001 | WB3433-59 | ||
| 008 | 090401t1998 xxu||||| |||| 00| 0 eng d | ||
| 035 | _a(Sirsi) u88141 | ||
| 041 | _aeng | ||
| 245 | _aLiability for tenants` nuisances | ||
| 260 | _c1998 | ||
| 350 | _a0 | ||
| 490 |
_aEstates Gazette _v(9834) 22 August 1998, 86(1) |
||
| 520 | _aDiscusses the recent CA decision in "Hussain v Lancaster CC" which shows that suing someone because they are solvent rather than the actual guilty party will not necessarily guarantee a legal remedy. | ||
| 650 | _aHARASSMENT | ||
| 650 | _aHUSSAIN V LANCASTER CC | ||
| 650 | _aLEGAL RIGHT | ||
| 650 | _aLIABILITY | ||
| 650 | _aNUISANCE | ||
| 690 | _aLAW | ||
| 942 | _n0 | ||
| 948 | _c26/08/1998 | ||
| 999 |
_c55680 _d55680 |
||